| 000 | 00502nam a2200169 i 4500 | ||
|---|---|---|---|
| 001 | 39562 | ||
| 003 | ES-MaACL | ||
| 005 | 20231221152301.0 | ||
| 007 | t| | ||
| 008 | 030303q19101911sp ||||1| spa d | ||
| 100 | 1 |
_aCanalejas, José, _d1854-1912 _934382 |
|
| 245 | 1 | 0 |
_aGobernante _b: discursos parlamentarios, Cortes de 1910 / _cJosé Canalejas. |
| 260 |
_aValencia : _bF. Sempere y C., _c[191?] |
||
| 300 |
_aIX, 363 p. ; _c23 cm. |
||
| 852 |
_aES-MaACL _jF-537 |
||
| 999 |
_c39562 _d39562 |
||